000 00336nam a2200133Ia 4500
008 240624s9999 xx 000 0 und d
041 _aeng
082 _a658.15224 NEF
100 _aNEFF CORNELIA
245 _aCORPORATE FINANCE INNOVATION AND STRATEG
260 _c2013
_aNew Delhi
_bSpringer
300 _a218 : p.
365 _cERU
_b28
999 _c23965
_d23965